| 000 | 00444nam a22001697a 4500 | ||
|---|---|---|---|
| 005 | 20251204170942.0 | ||
| 008 | 251203b |||||||| |||| 00| 0 eng d | ||
| 020 | _a978-1-119-39196-8 | ||
| 041 | _aeng | ||
| 082 | _a616.07 WES-M | ||
| 100 |
_aWESTBROOK, CATHERINE AND TALBOT, JOHN _98841 |
||
| 245 | _aMRI IN PRACTICE | ||
| 260 |
_aU.K. _bWILEY BLACKWELL _c2019 |
||
| 300 | _a395;P | ||
| 650 |
_aPARMEDICAL _xBMLT/BMIRT _98850 |
||
| 942 | _cBK | ||
| 999 |
_c9022 _d9020 |
||